01009cam a22002411 4500001001300000003000400013005001700017008004100034010001700075035001900092040007000111042001200181050001700193100002100210245007500231260019300306300001800499490005900517504002800576650003000604740006300634830007000697hew63000012 DLC20260227111512.0800529s1962 dcu b f000 0 eng c ahew63000012  a(OCoLC)6370893 aU.S. Dept. of Health, Education, and Welfare. LibrarycICSUdDLC apremarc00aHV9081b.W421 aWeber, George H.10aProblems in changing programs in institutions for delinquent children. a[Washington]bU.S. Dept. of Health, Education, and Welfare, Social Security Administration, Children's Bureau; [for sale by the Superintendent of Documents, U.S. Govt. Print. Off.,]c1962. a40 p.c24 cm.1 aUnited States. Children's Bureau. Publicationvno. 397 aBibliography: p. 39-40. 0aJuvenile detention homes.0 aChanging programs in institutions for delinquent children. 0aBureau publication (United States. Children's Bureau) ;vno. 397.